000 00547nam a22001817a 4500
005 20251108165020.0
008 250721s1966 xx 000 0 ara d
082 1 4 _a926/بير
100 1 _aبيرجنجرين، ايريك
245 1 0 _aالفريد نوبل /
264 1 _aالقاهرة :
_bالدار القومية للطباعة و النشر،
_c1966.
300 _a186ص : مص
650 1 7 _aالتراجم
650 1 7 _aالعلماء
700 1 _aعبد الفتاح، بهجت
_eترجمة
942 _2ddc
_cBK
999 _c19930
_d19930